000 00686nam a22002057a 4500
005 20240530110533.0
008 160323s2012 ua g 000 0 ara d
017 _a2012/19615
_bمصر . دار الكتب المصرية
020 _a9789770931790
040 _aEG-CaGPL
082 0 4 _221
_a813.03\
_bإ إ
100 0 _aابراهيم عبدالمجيد .
245 1 2 _aالاسكندرية فى غيمة /
_cابراهيم عبدالمجيد .
250 _aط1.
260 _aالقاهرة :
_bدار الشروق ،
_c2012 .
300 _a462 ص ؛
_c20 سم .
650 0 4 _aالقصص العربية .
942 _2ddc
_cBK
999 _c62125
_d62125